000 005060000a22001810004500
020 _a84-7151-728-0
041 0 _aSPA
082 0 4 _aG 270.08 A2841p
245 1 0 _aPedro en la iglesia primitiva / R. Aguirre Monasterio, Editor
260 _aNavarra, España : Verbo Divino
300 _a258 Pag
440 0 _aColección Institución San Jerónimo No 23
001 8263
942 _cBK
999 _c38442
_d38442
336 _atexto
_btxt
_2rdacontent
337 _2rdamedia
_asin mediación
_bn
338 _2rdacarrier
_avolumen
_bnc